Give & take : antara hamba dan pencipta
| Main Author: | |
|---|---|
| Format: | Book |
| Published: |
Selangor :
PTS Islamika ,
2011
|
| Subjects: |
MARC
| LEADER | 00000cam a2200000 7i4500 | ||
|---|---|---|---|
| 001 | 0000031193 | ||
| 005 | 20111012.0 | ||
| 008 | 111012 | ||
| 020 | |a 9673661015 | ||
| 090 | 0 | 0 | |a 297.57 |b NUR |
| 100 | 0 | |a Nurulain Ahmad | |
| 245 | 1 | 0 | |a Give & take : |b antara hamba dan pencipta |c Nurulain Ahmad |
| 260 | |a Selangor : |b PTS Islamika , |c 2011 | ||
| 650 | 0 | |a Islam |x Customs and practices | |
| 650 | 0 | |a Religious life |x Islam | |
| 999 | |a 0001126103 |b Book |c Adult Collection |e Perbadanan Perpustakaan Awam Johor | ||